Metodología de la investigación: administración, economía, humanidades y ciencias sociales (Registro nro. 7878)

Detalles MARC
000 -Cabecera
Campo de control de longitud fija 01251aam a2200421 4500
005 - Fecha y hora de la última transacción
Campo de control 20260227192925.0
008 - Elementos de longitud fija--Información general
Campo de control de longitud fija 150721b2010 xxu||||| |||| 00| 0 spa d
020 ## - International Standard Book Number
Número Internacional Estándar del Libro (ISBN) 9789586991285
041 ## - Idioma
Código de idioma Español
082 ## - Clasificación Decimal Dewey
Número de clasificación 001.42 B517m3
100 ## - Entrada principal--Autor personal
Nombre personal Bernal Torres, César Augusto
245 ## - Título propiamente dicho
Título Metodología de la investigación: administración, economía, humanidades y ciencias sociales
250 ## - Edición
Mención de edición 3 edición
260 ## - Pie de imprenta
Lugar de publicación, distribución, etc. Colombia
260 ## - Pie de imprenta
Nombre del editor, distribuidor, etc. Pearson Educación
260 ## - Pie de imprenta
Fecha de publicación, distribución, etc. 2010
300 ## - Descripción física
Extensión 320 páginas
Otras características físicas Fotografías blanco y negro
490 ## - Serie
Título de la Serie Temática General
500 ## - Nota general
Nota general CONTIENE DISCO COMPACTO N 746
650 ## - Materia general
Temática (materia general) MÉTODOS DE INVESTIGACIÓN
650 ## - Materia general
Temática (materia general) INVESTIGACIÓN
650 ## - Materia general
Temática (materia general) ERA DE CONOCIMIENTO
650 ## - Materia general
Temática (materia general) INVESTIGACIÓN CIENTÍFICA
650 ## - Materia general
Temática (materia general) EPISTEMOLOGÍA
650 ## - Materia general
Temática (materia general) TEMAS DE INVESTIGACIÓN
650 ## - Materia general
Temática (materia general) DISEÑO DE LA INVESTIGACIÓN
650 ## - Materia general
Temática (materia general) HIPÓTESIS
650 ## - Materia general
Temática (materia general) MARCO TEÓRICO
650 ## - Materia general
Temática (materia general) POBLACIÓN
650 ## - Materia general
Temática (materia general) MUESTRAS
650 ## - Materia general
Temática (materia general) FUENTES DE INFORMACIÓN
650 ## - Materia general
Temática (materia general) CUESTIONARIO
650 ## - Materia general
Temática (materia general) CIENCIAS SOCIALES
650 ## - Materia general
Temática (materia general) PROBLEMA DE INVESTIGACIÓN
650 ## - Materia general
Temática (materia general) OBJETIVOS DE INVESTIGACIÓN
650 ## - Materia general
Temática (materia general) TIPOS DE INVESTIGACIÓN
942 ## - Punto de acceso adicional KOHA
Tipo de ítem KOHA Libro
Fuente del sistema de clasificación o colocación Dewey Decimal Classification
Existencias
Signatura completa Código de barras Programa Académico Tipo de ítem
001.42 B517m3 20876 Temática General Libro
746 DC 746CDC   Disco Compacto
001.42 B517m3 21443 Temática General Libro
001.42 B517m3 21444 Temática General Libro
746 DC 746ADC   Disco Compacto
746 DC 746BDC   Disco Compacto